00741cam a22002411 450000100060000000300080000600500170001400800390003102000150007003500190008504000360010404100080014008200220014810000220017024500730019226000360026530000340030149000470033550400300038265000190041265000350043170000330046610019BD-RjUL20211208234859.0140125s1961 nyuab b 000 0 eng a0070421706 a(BD-RjUL)10066 aDLC/ICUcICUdDLCdBD-RjULbeng aeng04219a551bMIP 1961 aMiller, Victor C.10aPhotogeology /c[by] Victor C. Miller, assisted by Calvin F. Miller. aNew York :bMcGraw-Hill,cc1961 avii, 248 p. :bill. ;c32 cm. aInternational series in the earth sciences aBibliography: p. 236-243. 0aGeologyxMaps. 0aAerial photography in geology. a Miller, Calvin F. jt. auth.